00542 2200181 4500001002100000005001500021035002000036008004100056245005600097100001900153250001000172260007800182300003000260020002200290082001000312650002200322084001600344INLIS00000000000063220210913123133 a0010-0921000033210913 0 ind 1 aBuku Panduan Guru Sejarah Kelas X /cSari Oktafiana aSari Oktafiana aed 1. aJakarta :bKementrian Pendidikan, Kebudayaan, Riset, dan Teknologi,c2021 aviii,104 Halaman ;c25 Cm a978-602-244-553-1 a959.8 4aSejarah Indonesia a959.8 SAR b